00989nam a22001817a 4500999001700000005001700017008004100034040000800075041000700083082001400090110006700104245011500171260001600286300000700302505037900309942001700688952010200705 c47895d4789520191211083157.0191211b xxu||||| |||| 00| 0 eng d aANE aEs a363.1 E17 aEcuador, Ministerio Coordinador de Seguridad Interna y Externa aAgenda Nacional de seguridad interna y externacEcuador, Ministerio Coordinador de Seguridad Interna y Externa aQuitoc2008 ap. aAgenda Nacional de Seguridad y lucha contra la Corrupción.- Agenda Política de la Defensa Nacional.- Seguridad, Justicia y Derechos Humanos.- Seguridad, Soberanía, Democracia y Política exterior del Ecuador.- Hacia una nueva Política de Seguridad Interna y Externa.- Seguridad y Plan Ecuador.- Seguridad y Gestión de Riesgos.- Seguridad y Gestión de Riesgos.  2ddccBKzNr. 00102ddc4070aAN01bAN01d2019-12-11eDonacióno363.1 E17p36658r2019-12-11w2019-12-11yBK